00522pab a2200169 454500008003600000100001700036245005200053362002800105650001200133650003300145650003400178650001500212773002200227909001000249999001700259952007600276180718b xxu||||| |||| 00| 0 eng d aMayer Robert aMarx, Lenin and the corruption of working class a41(4), Dec 93, p.636-49 a Labour a Marx, Karl -- On Corruption a Lenin, V.I. -- On Corruption aCorruption aPolitical Studies a26057 c26057d26057 00104070aIIPAbIIPAd2018-07-19pAR26131r2018-07-19w2018-07-19yAR